Game of Thrones Mico-Knowledge #2 - Statistics

General Stats
  • This quiz has been taken 281 times
  • The average score is 12 of 15
Answer Stats
Questions Answer % Correct
Who killed Oberyn Martell? The Mountain
96%
What is the name of the dragon Daenerys rides? Drogon
91%
What is the sigil of House Tyrell? Rose
88%
Where is the seat of House Targaryen? Dragonstone
87%
Who is the king of the Iron Islands? Euron Greyjoy
87%
Who created the White Walkers? The Children
87%
Where is the seat of House Greyjoy? Pyke
84%
What is the house of Ser Davos? Seaworth
84%
Which town trains Maesters? Old Town
82%
Who killed Ygritte? Olly
82%
Which disease did Jorah Mormont contract? Greyscale
80%
Which City is "the greatest city that ever was or will be"? Qarth
71%
Who kills the original Three Eyed Raven? The Night King
71%
Who killed Catelyn Stark? Black Walder Frey
41%
Who committed fratricide and infanticide? Stannis Baratheon
26%
No matching quizzes found
Score Distribution
Percent of People with Each Score
Percentile by Number Answered
Your Score History
You have not taken this quiz